00822nam a2200181Ia 4500003000900000008004100009040001600050080001900066111009400085245023200179260003500411300001400446490006400460650004100524650002800565700001800593710002900611IN-BaIIA211028s9999 xx 000 0 eng d cIIA Library a063:53bENF-34 aConference of International School of Physics "Enrico Fermi"cItalyd1965 June 28- July10 4aThe optical properties of solidsbproceedings of the International School of Physics "Enrico Fermi" Verenna on Lake Como Villa Monastero 28th June-10th July 1965cedited by J. Tauc  aNew YorkbAcademic Pressc1966 axi, 434p. aInternational School of Physics "Enrico Fermi" Course v. 34 aAstronomy and Astrophysics Thesaurus aSocia Italian Di Fisica aTauc, J., ed. aItalian Physical Society